Rumunský sochár Virgil Mihuliu

Podrobná bibliografia
Hlavní autori: Dovalová, Zuzka, 1908-1968 (Autor, Tazateľ), Mihuliu, Virgil (Autor)
Médium: Článok
Jazyk:slovenčina
Predmet:

MARC

LEADER 00000nab a22000001a 4500
001 vtls010308890
003 SK-MaSNL
005 20260303091515.0
008 110906d1936 xo |r|p|||| |000 b|slo
015 |a SNBRRBVU1918-1938 
038 |a SNKBUCL 
040 |a SNKBUVU  |b slo  |c SNKBUCL  |e AACR2 
041 0 |a slo 
044 |a xo  |c SK 
080 |a 730.071.1  |2 1997 
100 1 |a Dovalová, Zuzka,  |d 1908-1968  |4 ivr  |4 aut  |9 48755 
245 1 0 |a Rumunský sochár Virgil Mihuliu  |c [zhovárala sa] Zuzka Dovalová 
600 1 7 |a Mihuliu, Virgil  |2 snkbucl  |9 1099841 
650 0 7 |a rumunské sochárstvo  |2 MM  |9 3051 
655 7 |a rozhovory  |2 MM  |9 31831 
700 1 |a Mihuliu, Virgil  |4 ive  |4 aut  |9 1099841 
773 0 |t Pero  |g Roč. 5, č. 5 (1936), s. 14 
852 |a SNK  |b KIS3GCP 
910 |a snkrbvumm 
958 |a VY 
999 |c 1808006  |d 1809936